000 00728nam a22002297a 4500
005 20140703113004.0
010 _aENG-109754
020 _a9789351344858
_c165.00
020 _a9351344851
_c165.00
035 _aEN-93287
037 _bDBAD/PUB
082 _a657.3
100 _aRamachandran, N.
245 _aHow to analyze financial statements /
_cby N. Ramachandran [and] Ram Kumar Kakani
260 _aNew Delhi
_bMcGraw Hill Education
_c2014
270 _aP-24, Green Park Extension
_bNew Felhi
_e110016
300 _ax,112p.
_c22cm(pbk)
490 _aMcGraw-Hill professional : finance made easy series
500 _aIncludes index
700 _aKakani, Ram Kumar
942 _2ddc
_cEN
_mRAM
_h657.3
999 _c83659
_d83659